Beatles-Ringo Starr Songs - Statistics

General Stats
  • This quiz has been taken 708 times
  • The average score is 8 of 11
Answer Stats
Album Song % Correct
Sgt. Pepper's Lonely Hearts Club Band With A Little Help From My Friends
87%
Revolver Yellow Submarine
86%
Abbey Road Octopus's Garden
85%
Please Please Me Boys
80%
Help! Act Naturally
77%
The Beatles (White Album) Don't Pass Me By
70%
The Beatles (White Album) Good Night
63%
With the Beatles I Wanna Be Your Man
58%
Rubber Soul What Goes On
57%
Beatles For Sale Honey Don't
54%
Past Masters 1 Matchbox
47%
No matching quizzes found
Score Distribution
Percent of People with Each Score
Percentile by Number Answered
Your Score History
You have not taken this quiz